Marketingový plán vybraného podniku diplomová práca

Uložené v:
Podrobná bibliografia
Hlavný autor: Pacerová, Lívia
Korporativný autor: Fakulta podnikového manažmentu EU. Katedra manažmentu
Ďalší autori: Čambalíková, Andrea, 1990-
Médium: Kniha
Jazyk:Slovak
Vydavateľské údaje: Bratislava 2024
Tagy: Pridať tag
Žiadne tagy, Buďte prvý, kto otaguje tento záznam!

MARC

LEADER 00000nbm a2200000 4500
001 0301000
005 20250211115528.1
041 0 |a slo 
044 |a SK 
245 1 0 |a Marketingový plán vybraného podniku  |b diplomová práca  |c Lívia Pacerová ; školiteľ: Andrea Čambalíková 
264 1 |a Bratislava  |c 2024 
300 |a 75 s. 
100 1 |a Pacerová, Lívia 
700 1 |a Čambalíková, Andrea, 1990- 
710 2 |a Fakulta podnikového manažmentu EU. Katedra manažmentu